| 000 | 01040aam a2200373 4500 | ||
|---|---|---|---|
| 005 | 20260313164329.0 | ||
| 008 | 150630b2005 xxu||||| |||| 00| 0 spa d | ||
| 041 | _aESP | ||
| 082 | _a001.42 H557f | ||
| 100 | _aHernández Sampieri, Roberto | ||
| 100 | _aFernández Collado, Carlos | ||
| 100 | _aBaptista Lucio, Pilar | ||
| 245 | _aFundamentos de metodología de la investigación | ||
| 260 | _aMéxico | ||
| 260 | _bMcGraw-Hill | ||
| 260 | _c2005 | ||
| 300 |
_a366 páginas _bFotografías a blanco y negro |
||
| 490 | _aTemática General | ||
| 650 | _aMÉTODOS DE INVESTIGACIÓN | ||
| 650 | _aINVESTIGACIÓN | ||
| 650 | _aMETODOLOGÍA | ||
| 650 | _aCIENCIAS SOCIALES | ||
| 650 | _aPROBLEMA DE INVESTIGACIÓN | ||
| 650 | _aMARCO TEÓRICO | ||
| 650 | _aHIPÓTESIS | ||
| 650 | _aDISEÑOS DE INVESTIGACIÓN | ||
| 650 | _aMUESTRA | ||
| 650 | _aRECOLECCIÓN DE DATOS | ||
| 650 | _aCUESTIONARIO | ||
| 650 | _aANÁLISIS DE DATOS | ||
| 650 | _aESTADÍSTICAS | ||
| 650 | _aANÁLISIS DE DATOS | ||
| 942 |
_cBK _2ddc |
||
| 999 |
_c1517 _d1517 |
||